Anatómia mesta : Urbanista Tibor Alexy / Rozhovory /

Saved in:
Bibliographic Details
Main Authors: Vitková, Ľubica, 1958- (Author), Hejl, Martin (Author)
Other Authors: Alexy, Elena (Interviewer, Editor), Alexy, Andrej, 1965- (Interviewer)
Format: Book
Language:Slovak
Published: Bratislava: boomboom, 2022
Edition:1. vydanie
Subjects:
Tags: Add Tag
No Tags, Be the first to tag this record!

MARC

LEADER 00000nam a22000003a 4500
001 0098045
003 SK-STU
005 20221104155016.1
007 ta
008 221104s ----xo-----e------000-0-----d
020 |a 978-80-971297-2-9 
040 |a STU  |b slo 
041 0 |a slo 
044 |a xo 
100 1 |a Alexy, Elena  |4 ivr  |4 edt 
245 1 0 |a Anatómia mesta :  |b Urbanista Tibor Alexy / Rozhovory /  |c aut. interv. Elena Alexy, Ľubica Vitková, Martin Hejl ; aut. interv. Andrej Alexy 
250 |a 1. vydanie 
260 |a Bratislava:  |b boomboom,  |c 2022 
300 |a 276 s. 
650 0 7 |a urbanizmus a územné plánovanie 
650 0 7 |a život a dielo 
650 0 7 |a urbanistické navrhovanie 
650 0 7 |a architektonicko-urbanistická súťaž 
650 0 7 |a vysokoškolská pedagogika 
650 0 7 |a Trnava 
650 0 7 |a Bratislava 
650 0 7 |a osobnosti FA STU 
700 1 |a Alexy, Andrej,  |d 1965-  |u 054140  |r Z8  |4 ivr  |U FAD Fakulta architektúry a dizajnu  |T FAD Ústav konštrukcií v architektúre a inžinierskych stavieb  |X 4185  |U A4140  |Y 395  |7 A000004185 
700 1 |a Vitková, Ľubica,  |d 1958-  |u 056160  |r Z1  |4 aut  |U FAD Fakulta architektúry a dizajnu  |T FAD Ústav urbanizmu a územného plánovania  |X 447  |U A6160  |Y 397  |7 A000000447 
700 1 |a Hejl, Martin  |4 aut 
996 |b 284AU09427  |c A* 12764/U  |l AAKNST  |s P  |a 0  |w 0098045_0001 
996 |b 284AU09490  |c A* 12845/U  |l AAKNAR  |s A  |a 24  |w 0098045_0002 
996 |b 284AU09491  |c A* 12846/U  |l AAKNAR  |s A  |a 24  |w 0098045_0003